<An> illustration of a pitfall in estimating the effects of aggregate variables on micro units.
Upozornenie na nebezpečenstvo vyplývajúce z toho, že sa v niektorých prípadoch pokladajú pozorované ekonomické či politické údaje za nezávislé, hoci v skutočnosti tu takmer vždy existuje istá závislosť. Zanedbaním tejto závislosti vzniká chyba, ktorá môže byť tak veľká, že znehodnotí výsledky aj tak...
Salvato in:
| Autore principale: | |
|---|---|
| Natura: | Capitolo di libro |
| Lingua: | inglese |
| Soggetti: | |
| Tags: |
Nessun Tag, puoi essere il primo ad aggiungerne!!
|
MARC
| LEADER | 00000naa a2200000 4500 | ||
|---|---|---|---|
| 001 | r001980 | ||
| 005 | 20220909074036.8 | ||
| 041 | 0 | |a eng | |
| 044 | |a US | ||
| 245 | 1 | 0 | |a <An> illustration of a pitfall in estimating the effects of aggregate variables on micro units. |c B.R. Moulton |
| 520 | |a Upozornenie na nebezpečenstvo vyplývajúce z toho, že sa v niektorých prípadoch pokladajú pozorované ekonomické či politické údaje za nezávislé, hoci v skutočnosti tu takmer vždy existuje istá závislosť. Zanedbaním tejto závislosti vzniká chyba, ktorá môže byť tak veľká, že znehodnotí výsledky aj takej jednoduchej metódy, ako je metóda najmenších štvorcov. | ||
| 610 | 2 | 0 | |a metóda štvorcov najmenších |
| 610 | 2 | 0 | |a metódy matematické |
| 610 | 2 | 0 | |a odhad štatistický |
| 610 | 2 | 0 | |a metódy matematicko-štatistické |
| 100 | 1 | |a Moulton, B.R. | |